| 000 | 004250000a22001690004500 | ||
|---|---|---|---|
| 003 | MACL | ||
| 005 | 20230924113921.0 | ||
| 008 | 230924b |||||||| |||| 00| 0 eng d | ||
| 040 |
_aMACL _cMACL |
||
| 100 |
_aJog, N G _91186 |
||
| 245 | _aLokamanya Bal Gangadhar Tilak | ||
| 260 |
_bThe Director Publications Division _c1970 _adelhi |
||
| 350 | _a4 | ||
| 600 |
_aJOG,N>G, _981903 |
||
| 650 | _aBiography | ||
| 942 |
_cBK _k920 _2ddc |
||
| 999 |
_c7830 _d7830 |
||